00929nam a2200169 a 450000100100000000500170001000800410002704000250006808200160009311000890010924502500019826000780044830000310052604900090055795201760056699900170074200003233220200930065603.0110714s1940 dr c 000 0 spa d aDO-SdBNPbspacBNPHU axxxxbR426m1 aRepública Dominicana.bConsejo Administrativo del Distrito de Santo Domingo95754010aMemoria que presenta el señor secretario de Estado de la Interior y Policia y al Consejo Administrativo del Distrito de Santo Domingo su presidente el señor Don Virgilio Alvarez Pina, relativa a la labores relizadas durante el año de 1939. aCiudad Trujillo, República Dominicana :bConsejo Administrativo,c1940. a485 p. :bretrs. ;c27 cm. aBNPD 001050718RVaPDbPDcCTd2011-07-14iLF1l0oxxxx R426mp32332-10r2020-06-25w2020-06-25y1zPerteneció a la biblioteca personal de Julio Ortega Frier.ZNo se presta c31823d31823